[Event "Internet Section 06B g/8'+2\""]
[Site "Dos Hermanas"]
[Date "2004.03.07"]
[Round "9"]
[White "Ferreira, Victor Manuel"]
[Black "Ostler, Tony"]
[Result "0-1"]
[WhiteElo "1944"]
[BlackElo "1814"]
[PlyCount "142"]
[EventDate "2004.03.06"]
[EventType "swiss (blitz)"]
[EventRounds "9"]
[EventCountry "ESP"]
[SourceTitle "CBM 099 Extra"]
[Source "ChessBase"]
[SourceDate "2004.05.04"]
[SourceVersion "1"]
[SourceVersionDate "2004.05.04"]
[SourceQuality "1"]

1. e4 d6 2. d4 Nd7 3. Nd2 e5 4. d5 Be7 5. c4 c5 6. Bd3 a5 7. Ne2 f6 8. 0-0 Nh6 9. f4 Nf7 10. Nf3 0-0 11. Be3 Re8 12. Ng3 g6 13. f5 g5 14. h4 h6 15. hxg5 fxg5 16. Nh2 Nf6 17. Ng4 Kg7 18. Nxf6 Bxf6 19. Qh5 Rg8 20. Rf3 Kf8 21. Qh2 Ke7 22. Nh5 Kd7 23. b3 Kc7 24. a3 Bd7 25. g4 Be8 26. Nxf6 Qxf6 27. Rh3 Bd7 28. Kf2 Rgb8 29. Rh1 b5 30. Rxh6 Nxh6 31. Qxh6 Qxh6 32. Rxh6 bxc4 33. Bxc4 a4 34. bxa4 Rxa4 35. Be2 Rxe4 36. Bxg5 Rb2 37. Be3 Rxg4 38. Rh7 Kd8 39. Rh8+ Be8 40. f6 Kd7 41. Kf3 Rg6 42. Rf8 Kc7 43. Rxe8 Rxf6+ 44. Ke4 Rxe2 45. Re7+ Kb6 46. Re6 Rxe6 47. dxe6 Rh2 48. Kd5 Kc7 49. e7 Kd7 50. a4 Rh7 51. Bg5 Rg7 52. Bh4 Rg6 53. a5 Rg8 54. Be1 Re8 55. a6 Kxe7 56. Kc6 Ke6 57. a7 d5 58. Kb7 c4 59. a8Q Rxa8 60. Kxa8 d4 61. Kb7 Kd5 62. Kb6 c3 63. Kb5 e4 64. Kb4 c2 65. Bd2 e3 66. Bc1 Ke4 67. Kb3 Kd3 68. Kb2 e2 69. Bg5 e1Q 70. Bf6 Qc3+ 71. Kc1 Qa1# 0-1

[Event "Internet Section 06B g/8'+2\""]
[Site "Dos Hermanas"]
[Date "2004.03.06"]
[Round "8"]
[White "Coulombe, Philippe"]
[Black "Ostler, Tony"]
[Result "0-1"]
[WhiteElo "1917"]
[BlackElo "1791"]
[PlyCount "86"]
[EventDate "2004.03.06"]
[EventType "swiss (blitz)"]
[EventRounds "9"]
[EventCountry "ESP"]
[SourceTitle "CBM 099 Extra"]
[Source "ChessBase"]
[SourceDate "2004.05.04"]
[SourceVersion "1"]
[SourceVersionDate "2004.05.04"]
[SourceQuality "1"]

1. e4 d6 2. d4 Nd7 3. Nc3 e5 4. Nf3 exd4 5. Nxd4 Ne7 6. Be3 Nc6 7. f3 Nxd4 8. Bxd4 f6 9. Bc4 Qe7 10. Nd5 Qd8 11. 0-0 c6 12. Nc3 b5 13. Bb3 c5 14. Nxb5 cxd4 15. Qxd4 Qb6 16. Qxb6 Nxb6 17. Nc7+ Kd7 18. Nxa8 Nxa8 19. Rad1 Nb6 20. c4 Kc7 21. Rc1 Ba6 22. Rfd1 Be7 23. a4 Rb8 24. a5 Nd7 25. Rc3 Nc5 26. Bc2 Rxb2 27. Rb1 Rxb1+ 28. Bxb1 Kc6 29. Kf2 Bd8 30. Ke3 Bxa5 31. Ra3 Bb6 32. Kd2 Bxc4 33. Ba2 Bxa2 34. Rxa2 a5 35. Kc3 Na6 36. Kc4 Nb4 37. Rd2 Bc5 38. Kb3 Kb5 39. Re2 a4+ 40. Kb2 Kc4 41. Ka3 Nd5+ 42. Kb2 a3+ 43. Kc1 Nc3 0-1

[Event "Internet Section 06B g/8'+2\""]
[Site "Dos Hermanas"]
[Date "2004.03.06"]
[Round "5"]
[White "Ostler, Tony"]
[Black "Salomon, Miguel A"]
[Result "0-1"]
[WhiteElo "1765"]
[BlackElo "2230"]
[PlyCount "88"]
[EventDate "2004.03.06"]
[EventType "swiss (blitz)"]
[EventRounds "9"]
[EventCountry "ESP"]
[SourceTitle "CBM 099 Extra"]
[Source "ChessBase"]
[SourceDate "2004.05.04"]
[SourceVersion "1"]
[SourceVersionDate "2004.05.04"]
[SourceQuality "1"]

1. e4 e5 2. Nf3 Nc6 3. c3 Nf6 4. Qe2 Be7 5. g3 0-0 6. Bg2 d5 7. exd5 Nxd5 8. 0-0 Bf6 9. Na3 Re8 10. d3 Nb6 11. Be3 Bf5 12. Rad1 Qe7 13. b4 Rad8 14. Bc5 Qd7 15. Rfe1 Na4 16. Qc2 Nxc5 17. bxc5 Bxd3 18. Qa4 e4 19. Nd2 Bxc3 20. Nab1 Bxd2 21. Nxd2 f5 22. Qb3+ Qf7 23. Qxb7 Ne5 24. Qxa7 Bc2 25. Rb1 Rxd2 26. Rb8 Rdd8 27. Rxd8 Rxd8 28. Qa5 Bd3 29. Qc3 Nc6 30. a4 Qc4 31. Qb2 Qxa4 32. Ra1 Qb4 33. Qc1 Qd4 34. Bh3 g6 35. Kg2 Ne5 36. g4 Nxg4 37. Bxg4 fxg4 38. Ra7 Rf8 39. Qe1 Qxc5 40. Ra4 Qc6 41. Qb4 e3+ 42. Kg3 Qf3+ 43. Kh4 Qh3+ 44. Kg5 Qh5# 0-1